000 00577nam a2200217Ia 4500
003 OSt
005 20221007081911.0
006 a|||||r|||| 00| 0
007 ta
008 221006b |||||||| |||| 00| 0 eng d
024 _a28,143
037 _cTextual
040 _aFLL
_cFLL
_beng
041 _2eng
_aeng
082 _aZ73:32, G3.2
245 0 _aRestatement of the law of agency
260 _aSt. Paul ,
_bAmerican Law Institute Publishers St.
_c1933
300 _axxviii,1395p
_ccm.
942 _hZ73:32, G3.2
_cTEXL
_2CC
999 _c1164644
_d1164644